[Event "5th Budapest Open"]
[Site "Budapest"]
[Date "2015.08.19"]
[Round "5.12"]
[White "Gorog, Almos"]
[Black "Koczo, Kristof"]
[Result "1/2-1/2"]
[WhiteElo "1912"]
[BlackElo "1912"]
[PlyCount "71"]
[EventDate "2014.08.15"]
[EventType "swiss"]
[EventRounds "9"]
[EventCountry "HUN"]

1. c4 c6 2. g3 d5 3. cxd5 cxd5 4. d4 g6 5. Bg2 Bg7 6. Nc3 Nf6 7. Nf3 Nc6 8. O-O
O-O 9. Ne5 Ng4 10. Nxc6 bxc6 11. h3 Nf6 12. Na4 Ne4 13. Nc3 Nxc3 14. bxc3 e5
15. e3 Ba6 16. Re1 Qa5 17. Bd2 e4 18. Bf1 Bxf1 19. Rxf1 Qa6 20. Re1 Rab8 21.
Qc2 Qc8 22. Kh2 c5 23. Rab1 Qf5 24. Rf1 c4 25. Bc1 Rfc8 26. Ba3 Qf6 27. Kg1 Qa6
28. Bb4 Rb7 29. Rb2 Rcb8 30. Rfb1 Bf6 31. Bc5 Rxb2 32. Rxb2 Rc8 33. Qb1 Bd8 34.
Rb8 Ba5 35. Bxa7 Kg7 36. Rxc8 1/2-1/2

[Event "5th Budapest Open"]
[Site "Budapest"]
[Date "2015.08.19"]
[Round "5.13"]
[White "Ongut, Tamas Gunes"]
[Black "Persanyi, Barnabas"]
[Result "1-0"]
[WhiteElo "1883"]
[BlackElo "1883"]
[PlyCount "125"]
[EventDate "2014.08.15"]
[EventType "swiss"]
[EventRounds "9"]
[EventCountry "HUN"]

1. e4 c5 2. Nf3 g6 3. c3 Bg7 4. d3 Nc6 5. g3 e6 6. Bg2 Nge7 7. O-O O-O 8. Na3
d5 9. Qe2 b6 10. Rd1 Bb7 11. Nc2 Qd7 12. exd5 Nxd5 13. Ne3 Nxe3 14. Bxe3 Rad8
15. Bf4 Qc8 16. Rac1 Qa8 17. Ne5 Nxe5 18. Bxb7 Qxb7 19. Bxe5 Bxe5 20. Qxe5 Rd5
21. Qe4 Rfd8 22. Rc2 Qa6 23. Rcd2 Qxa2 24. h4 Qa6 25. Kh2 Qc8 26. f4 Qd7 27. b3
Rd6 28. c4 Rd4 29. Qe3 a6 30. h5 Qd6 31. hxg6 hxg6 32. Kg2 Qc6+ 33. Kf2 b5 34.
Qe5 R4d7 35. Ke3 Qd6 36. Rh2 Qxe5+ 37. fxe5 bxc4 38. bxc4 Rc7 39. Rdh1 Kf8 40.
Rf1 Ke7 41. Ra2 Rc6 42. Rb2 Rc7 43. Ra2 Ra8 44. Ra5 Rc6 45. Rb1 Rd8 46. Rb7+
Rd7 47. Rxd7+ Kxd7 48. Kf4 Ke7 49. Kg5 Rb6 50. Rxc5 Rb3 51. Rc7+ Ke8 52. Kf6
Rxd3 53. Re7+ Kd8 54. Rxf7 Rc3 55. Kxe6 Rxc4 56. Rf8+ Kc7 57. Rf4 Rxf4 58. gxf4
a5 59. Kf7 a4 60. e6 a3 61. e7 a2 62. e8=Q a1=Q 63. Qe5+ 1-0

[Event "5th Budapest Open"]
[Site "Budapest"]
[Date "2015.08.19"]
[Round "5.14"]
[White "Czimer, Jozsef"]
[Black "Bakk, Zoltan"]
[Result "0-1"]
[WhiteElo "1706"]
[BlackElo "1706"]
[PlyCount "96"]
[EventDate "2014.08.15"]
[EventType "swiss"]
[EventRounds "9"]
[EventCountry "HUN"]

1. Nf3 c5 2. g3 Nc6 3. Bg2 e5 4. d3 g6 5. Nc3 Nge7 6. O-O d5 7. e4 d4 8. Ne2
Bg7 9. Bd2 h6 10. a3 Be6 11. h3 Qd7 12. Kh2 g5 13. b4 c4 14. dxc4 Bxc4 15. Re1
O-O 16. Nc1 f5 17. Nd3 b6 18. exf5 Qxf5 19. g4 Qf6 20. Nfxe5 Qd6 21. f4 Bd5 22.
Nxc6 Nxc6 23. Bxd5+ Qxd5 24. Rf1 Rae8 25. Qf3 Qxf3 26. Rxf3 Re2+ 27. Rf2 Rxf2+
28. Nxf2 d3 29. c3 Ne5 30. Kg2 Nc4 31. Ra2 Re8 32. Kf3 Re2 33. Ne4 Bxc3 34.
Nxc3 Nxd2+ 35. Rxd2 Rxd2 36. fxg5 Rc2 37. Ne4 hxg5 38. Ke3 d2 39. Nxd2 Rc3+ 40.
Kd4 Rxa3 41. Ne4 Rxh3 42. Nxg5 Rh4 43. Ne4 Rxg4 44. b5 Kf7 45. Kd5 Rxe4 46.
Kxe4 Ke6 47. Kd4 Kd6 48. Kc4 Ke5 0-1

[Event "5th Budapest Open"]
[Site "Budapest"]
[Date "2015.08.19"]
[Round "5.15"]
[White "Mester, Attila"]
[Black "Lesar, David"]
[Result "1/2-1/2"]
[WhiteElo "2025"]
[BlackElo "2025"]
[PlyCount "106"]
[EventDate "2014.08.15"]
[EventType "swiss"]
[EventRounds "9"]
[EventCountry "HUN"]

1. e4 c5 2. Nf3 d6 3. d4 cxd4 4. Nxd4 Nf6 5. Nc3 a6 6. Be3 e6 7. f4 b5 8. Qf3
Bb7 9. a3 Nbd7 10. Bd3 Nc5 11. O-O Be7 12. Rae1 O-O 13. Bd2 Nxd3 14. cxd3 Nd7
15. Qe2 Bf6 16. Nf3 a5 17. d4 b4 18. Nb1 Ba6 19. Qd1 Bxf1 20. Rxf1 bxa3 21.
Nxa3 Qb6 22. Bc3 Rfc8 23. Kh1 a4 24. Qe1 d5 25. e5 Be7 26. Qd2 Bxa3 27. bxa3
Qb3 28. Bb4 Rc2 29. Qe1 Rac8 30. f5 Qd3 31. fxe6 fxe6 32. h3 h6 33. Rg1 Qg6 34.
Qd1 Nb6 35. Bc5 Nc4 36. Ne1 Rc3 37. Qxa4 Qf5 38. Kh2 Rb8 39. Bb4 Re3 40. Nf3
Nb2 41. Qc6 Nd3 42. Rf1 Nxb4 43. axb4 Rb3 44. Nd2 Qd3 45. Qxe6+ Kh8 46. Rf3
Qxd2 47. Rxb3 Qxd4 48. Qe7 Qc4 49. Rg3 Rg8 50. e6 d4 51. Qd7 Qxb4 52. e7 Qe1
53. h4 d3 1/2-1/2

[Event "5th Budapest Open"]
[Site "Budapest"]
[Date "2015.05.16"]
[Round "5.16"]
[White "Meixner, Ferenc"]
[Black "Bellan, Istvan"]
[Result "1-0"]
[WhiteElo "1998"]
[BlackElo "1998"]
[PlyCount "59"]
[EventDate "2014.08.15"]
[EventType "swiss"]
[EventRounds "9"]
[EventCountry "HUN"]

1. e4 c5 2. Nf3 d6 3. d4 cxd4 4. Nxd4 Nf6 5. Nc3 a6 6. Rg1 Nc6 7. g4 h6 8. h4
Nxd4 9. Qxd4 Bxg4 10. Rxg4 Nxg4 11. Qa4+ b5 12. Nxb5 e6 13. Nd4+ Qd7 14. Bb5
axb5 15. Qxa8+ Ke7 16. a4 Kf6 17. axb5 d5 18. Qc6 Qxc6 19. Nxc6 Bc5 20. b4
Bxf2+ 21. Ke2 dxe4 22. Bb2+ Kg6 23. c4 f5 24. Ne5+ Nxe5 25. Bxe5 Bxh4 26. Rg1+
Bg5 27. b6 Kh5 28. b7 Bf6 29. Bxf6 gxf6 30. c5 1-0

[Event "5th Budapest Open"]
[Site "Budapest"]
[Date "2015.08.19"]
[Round "5.17"]
[White "Cruz Guerra, Samuel"]
[Black "Csapo, Zoltan"]
[Result "0-1"]
[WhiteElo "1904"]
[BlackElo "1904"]
[PlyCount "68"]
[EventDate "2014.08.15"]
[EventType "swiss"]
[EventRounds "9"]
[EventCountry "HUN"]

1. e4 e5 2. Nc3 Bc5 3. Bc4 d6 4. d3 Nc6 5. Nge2 Nf6 6. O-O Bg4 7. Kh1 Qd7 8. a3
a6 9. Qe1 O-O 10. f4 exf4 11. Bxf4 Be6 12. Ba2 Bxa2 13. Nxa2 Rae8 14. Bg5 Ng4
15. Qg3 f6 16. Bd2 Nd4 17. Nxd4 Bxd4 18. Rf5 Qxf5 19. exf5 Nf2+ 20. Qxf2 Bxf2
21. Nc3 Bd4 22. Nd5 Re2 23. Bb4 c5 24. Ba5 Bxb2 25. Rb1 Rxc2 26. Nc7 Rc1+ 27.
Rxc1 Bxc1 28. a4 Rc8 29. Nd5 Kf7 30. Bc7 b5 31. axb5 axb5 32. g4 b4 33. Bxd6
Rd8 34. Bf4 Rxd5 0-1

[Event "5th Budapest Open"]
[Site "Budapest"]
[Date "2015.08.19"]
[Round "5.18"]
[White "Zoldy, Robert"]
[Black "Liptak, Tibor"]
[Result "1-0"]
[WhiteElo "1978"]
[BlackElo "1978"]
[PlyCount "59"]
[EventDate "2014.08.15"]
[EventType "swiss"]
[EventRounds "9"]
[EventCountry "HUN"]

1. e4 e5 2. Nf3 Nc6 3. c3 Nf6 4. d4 exd4 5. e5 Nd5 6. cxd4 Bb4+ 7. Nbd2 O-O 8.
Bc4 Nb6 9. Bb3 d5 10. h3 Bf5 11. O-O Re8 12. a3 Bf8 13. Re1 Rc8 14. Nf1 h6 15.
Bd2 Qd7 16. Ng3 Bh7 17. Rc1 Nd8 18. Nh5 Ne6 19. Bxh6 Bg6 20. Nh4 Bxh5 21. Qxh5
gxh6 22. Nf5 Qd8 23. Rc3 Nf4 24. Rg3+ Ng6 25. Rxg6+ fxg6 26. Qxg6+ Kh8 27. Nxh6
Bxh6 28. Qxh6+ Kg8 29. Re3 Rf8 30. Rg3+ 1-0

[Event "5th Budapest Open"]
[Site "Budapest"]
[Date "2015.08.19"]
[Round "5.19"]
[White "Bensaid, Simon"]
[Black "Abraham, Lajos"]
[Result "1/2-1/2"]
[WhiteElo "1924"]
[BlackElo "1924"]
[PlyCount "106"]
[EventDate "2014.08.15"]
[EventType "swiss"]
[EventRounds "9"]
[EventCountry "HUN"]

1. e4 c5 2. Nf3 Nc6 3. d4 cxd4 4. Nxd4 Nxd4 5. Qxd4 Qc7 6. Nc3 a6 7. Bd3 e6 8.
a4 Qc5 9. Be3 Qxd4 10. Bxd4 d6 11. Rd1 Ne7 12. Bc4 Bd7 13. O-O Rc8 14. Bb3 Nc6
15. Bb6 Be7 16. f4 O-O 17. Ne2 Nb8 18. Nd4 Nc6 19. Nf3 Nb8 20. Rfe1 Bc6 21. Nd4
Nd7 22. Nxc6 Rxc6 23. Bd4 Nc5 24. Bxc5 Rxc5 25. f5 Re5 26. Bc4 exf5 27. exf5
Rxe1+ 28. Rxe1 Bf6 29. b3 Rb8 30. Kf2 Kf8 31. Kf3 Re8 32. Rxe8+ Kxe8 33. Ke4
Be5 34. h3 f6 35. Bg8 h6 36. Be6 b5 37. Kd5 bxa4 38. bxa4 Ke7 39. Kc4 Kd8 40.
a5 Bg3 41. Bf7 Be1 42. c3 Kd7 43. Be6+ Kc7 44. g4 Bd2 45. Bd5 Be1 46. Be4 Bd2
47. Kd4 Be1 48. Bd3 Kb7 49. Bc4 Bd2 50. Bd5+ Kc7 51. Kc4 Be1 52. Ba8 Bd2 53.
Kd4 Be1 1/2-1/2

[Event "5th Budapest Open"]
[Site "Budapest"]
[Date "2015.08.19"]
[Round "5.20"]
[White "Arellano Pardo, Martin"]
[Black "Szlenka, Attila"]
[Result "1-0"]
[WhiteElo "1912"]
[BlackElo "1912"]
[PlyCount "49"]
[EventDate "2014.08.15"]
[EventType "swiss"]
[EventRounds "9"]
[EventCountry "HUN"]

1. e4 Nf6 2. Nc3 d5 3. e5 d4 4. exf6 dxc3 5. fxg7 cxd2+ 6. Bxd2 Bxg7 7. Qh5 Qd4
8. Nf3 Qe4+ 9. Be2 Nc6 10. Qxf7+ Kxf7 11. Ng5+ Kf8 12. Nxe4 Bxb2 13. Rb1 Bd4
14. Rb3 Ne5 15. Bh6+ Ke8 16. c3 Nf7 17. Bh5 Bf6 18. O-O Be6 19. Rxb7 Be5 20. f4
Bd6 21. Nxd6+ exd6 22. Rxc7 Kd8 23. Rxf7 Bxf7 24. Bxf7 Kc7 25. Re1 1-0

[Event "5th Budapest Open"]
[Site "Budapest"]
[Date "2015.08.19"]
[Round "5.21"]
[White "Palla, Akos Botond"]
[Black "Zsatkovics, Endre"]
[Result "1-0"]
[WhiteElo "2064"]
[BlackElo "2064"]
[PlyCount "43"]
[EventDate "2014.08.15"]
[EventType "swiss"]
[EventRounds "9"]
[EventCountry "HUN"]

1. e4 d6 2. d4 Nf6 3. Nc3 g6 4. f4 Bg7 5. Nf3 O-O 6. Bd3 c5 7. d5 a6 8. a4 b6
9. O-O Qc7 10. Qe2 Re8 11. e5 Nh5 12. e6 f5 13. Nh4 Nf6 14. Rf3 Bb7 15. Rg3 Nh5
16. Rg5 Nf6 17. Bxf5 Nxd5 18. Nxd5 Bxd5 19. Nxg6 hxg6 20. Bxg6 Rf8 21. Qh5 Rf6
22. Bf7+ 1-0

[Event "5th Budapest Open"]
[Site "Budapest"]
[Date "2015.08.19"]
[Round "5.22"]
[White "Horvath, Aron Balazs"]
[Black "Bodrogi, Laszlo"]
[Result "1-0"]
[WhiteElo "1788"]
[BlackElo "1788"]
[PlyCount "153"]
[EventDate "2014.08.15"]
[EventType "swiss"]
[EventRounds "9"]
[EventCountry "HUN"]

1. e4 c5 2. Nf3 Nc6 3. d4 cxd4 4. Nxd4 Nf6 5. Nc3 d6 6. Bg5 e6 7. Qd2 Be7 8.
O-O-O O-O 9. h4 a6 10. f3 Qc7 11. g4 Nxd4 12. Qxd4 b5 13. Kb1 b4 14. Qxb4 d5
15. Qd4 Bb7 16. exd5 Nxd5 17. Nxd5 Bxd5 18. Bxe7 Qxe7 19. Qe3 Qb7 20. Rh3 Rab8
21. Qa3 a5 22. f4 a4 23. c4 Be4+ 24. Ka1 Bc2 25. Rc1 Rfd8 26. Qc3 Be4 27. h5
Qc7 28. Qe3 f5 29. g5 Qa5 30. Rh2 Rb3 31. Qe1 Qxe1 32. Rxe1 Rf3 33. a3 Rxf4 34.
c5 Rc8 35. Bb5 Rxc5 36. Bxa4 Rg4 37. b4 Rc3 38. Kb2 Rcg3 39. Rc1 Rxg5 40. b5
Rg2+ 41. Rxg2 Rxg2+ 42. Kb3 Rd2 43. Kc3 Rd6 44. Bc2 Bf3 45. Rb1 g5 46. hxg6
hxg6 47. b6 Bb7 48. a4 Rc6+ 49. Kd2 Rc5 50. Bd3 Kf7 51. Bb5 Rd5+ 52. Ke3 g5 53.
a5 f4+ 54. Kf2 g4 55. a6 g3+ 56. Kg1 Rxb5 57. Rxb5 Bxa6 58. b7 Bxb7 59. Rxb7+
Kf6 60. Kg2 e5 61. Kf3 Kg6 62. Kg4 Kf6 63. Rb6+ Ke7 64. Kf3 Kf7 65. Ke4 Ke7 66.
Ra6 Kf7 67. Ra5 Kf6 68. Rb5 Kg6 69. Ra5 Kf6 70. Ra8 Kf7 71. Ra6 Kg7 72. Kf5 Kh7
73. Ra1 Kh6 74. Ra6+ Kh7 75. Ra7+ Kh6 76. Ra1 Kg7 77. Kxe5 1-0

[Event "5th Budapest Open"]
[Site "Budapest"]
[Date "2015.08.19"]
[Round "5.23"]
[White "Rabovszky, Gyorgy"]
[Black "Lakatos, Tamas"]
[Result "1-0"]
[WhiteElo "1886"]
[BlackElo "1886"]
[PlyCount "47"]
[EventDate "2014.08.15"]
[EventType "swiss"]
[EventRounds "9"]
[EventCountry "HUN"]

1. e4 c6 2. d4 d5 3. f3 dxe4 4. fxe4 e5 5. Nf3 Bg4 6. Bc4 Nd7 7. O-O Bd6 8.
Bxf7+ Kxf7 9. Nxe5+ Ke8 10. Nxg4 Be7 11. e5 Qb6 12. Be3 Qxb2 13. Nd2 h5 14. e6
Nf8 15. Rb1 Qxa2 16. Ne5 Qxe6 17. Rxb7 Nf6 18. Qf3 Nd5 19. Re1 Qc8 20. Qf7+ Kd8
21. Rxe7 Nxe7 22. Bg5 Qc7 23. Bxe7+ Kc8 24. Qe8+ 1-0

[Event "5th Budapest Open"]
[Site "Budapest"]
[Date "2015.08.19"]
[Round "5.24"]
[White "Rinyu, Janos"]
[Black "Kanizaj, Benjamin"]
[Result "1-0"]
[WhiteElo "1845"]
[BlackElo "1845"]
[PlyCount "33"]
[EventDate "2014.08.15"]
[EventType "swiss"]
[EventRounds "9"]
[EventCountry "HUN"]

1. d4 d5 2. Bf4 c5 3. e4 dxe4 4. d5 e6 5. Bb5+ Bd7 6. dxe6 Bxb5 7. exf7+ Ke7 8.
fxg8=N+ Ke8 9. Qh5+ Kd7 10. Nc3 Kc8 11. Nxb5 Qa5+ 12. Nc3 Nd7 13. Qf7 Qb6 14.
O-O-O Qd8 15. Nd5 b6 16. Nc7 Rb8 17. Ne6 1-0

[Event "5th Budapest Open"]
[Site "Budapest"]
[Date "2015.08.19"]
[Round "5.26"]
[White "Mihaly, Zoltan"]
[Black "Rajcsanyi, Peter"]
[Result "0-1"]
[WhiteElo "1774"]
[BlackElo "1820"]
[PlyCount "72"]
[EventDate "2014.08.15"]
[EventType "swiss"]
[EventRounds "9"]
[EventCountry "HUN"]

1. Nf3 Nf6 2. c4 e6 3. Nc3 Nc6 4. d4 d5 5. g3 a6 6. cxd5 exd5 7. Bg2 Bb4 8. O-O
O-O 9. Bg5 Be7 10. Qb3 Na5 11. Qc2 Rb8 12. Ne5 Be6 13. Rac1 h6 14. Bd2 Nc4 15.
Nxc4 dxc4 16. e3 Qd7 17. Rfd1 b5 18. Ne2 Bg4 19. f3 Bh3 20. Bh1 Bf5 21. e4 Bg6
22. Be3 Nd5 23. Bd2 c5 24. Nc3 Nb4 25. Qb1 Qxd4+ 26. Kg2 Nd3 27. Be1 f5 28. Nd5
Bd6 29. Bc3 Qf2+ 30. Kh3 fxe4 31. fxe4 Qe2 32. Rxd3 Qh5+ 33. Kg2 Bxe4+ 34. Kg1
Bxd3 35. Qa1 Qe2 36. Be1 Qf1# 0-1

[Event "5th Budapest Open"]
[Site "Budapest"]
[Date "2015.08.19"]
[Round "5.27"]
[White "Karacsonyi, Kata"]
[Black "Bartok, David Dominik"]
[Result "0-1"]
[WhiteElo "1461"]
[BlackElo "1610"]
[PlyCount "66"]
[EventDate "2014.08.15"]
[EventType "swiss"]
[EventRounds "9"]
[EventCountry "HUN"]

1. e4 c6 2. d4 d5 3. exd5 cxd5 4. Bd3 Nc6 5. c3 Nf6 6. Bg5 Bg4 7. Ne2 e6 8. Qc2
h6 9. Bh4 Be7 10. O-O O-O 11. h3 Bxe2 12. Qxe2 Nd7 13. Bxe7 Qxe7 14. f4 Rfe8
15. Qf3 Qd6 16. Nd2 a6 17. Rae1 b5 18. Bc2 Rac8 19. Qd3 Nf6 20. Kh1 Qc7 21. Bb1
Na5 22. g4 g6 23. f5 exf5 24. Rxe8+ Rxe8 25. Rg1 fxg4 26. hxg4 Nc4 27. Nxc4
bxc4 28. Qf3 Re6 29. Rf1 Qe7 30. Bc2 Re1 31. Bd1 Nxg4 32. Qf4 Rxf1+ 33. Qxf1
Qh4+ 0-1

[Event "5th Budapest Open"]
[Site "Budapest"]
[Date "2015.08.19"]
[Round "5.28"]
[White "Schatzer, Andras"]
[Black "Karacsonyi, Luca"]
[Result "1-0"]
[WhiteElo "1809"]
[BlackElo "1115"]
[PlyCount "47"]
[EventDate "2014.08.15"]
[EventType "swiss"]
[EventRounds "9"]
[EventCountry "HUN"]

1. Nf3 d5 2. g3 Nc6 3. d4 Nf6 4. Bg2 Bf5 5. O-O e6 6. Bg5 Be7 7. c4 O-O 8. cxd5
exd5 9. Nc3 Ne4 10. Bxe7 Qxe7 11. Nxd5 Qd7 12. Nc3 Rad8 13. e3 Rfe8 14. Nh4 Bh3
15. Bxe4 Bxf1 16. Qxf1 Qe6 17. d5 Qf6 18. dxc6 bxc6 19. Qe2 Re7 20. Rd1 Rde8
21. Qf3 Qe6 22. Qf5 Qc4 23. Qxh7+ Kf8 24. Qh8# 1-0

[Event "5th Budapest Open"]
[Site "Budapest"]
[Date "2015.08.19"]
[Round "5.29"]
[White "Szurkos, Andras"]
[Black "Bangha, Otto Peter"]
[Result "1-0"]
[WhiteElo "1807"]
[BlackElo "1427"]
[PlyCount "43"]
[EventDate "2014.08.15"]
[EventType "swiss"]
[EventRounds "9"]
[EventCountry "HUN"]

1. e4 c5 2. d4 cxd4 3. Nf3 Nc6 4. Nxd4 Nf6 5. Nc3 d6 6. Bb5 Bd7 7. O-O a6 8.
Bc4 e6 9. Re1 b5 10. Bb3 Na5 11. f4 Nxb3 12. axb3 b4 13. Na4 Be7 14. e5 dxe5
15. fxe5 Nd5 16. Qg4 Kf8 17. Rf1 Nb6 18. Nxe6+ Bxe6 19. Qxe6 Qe8 20. Qxb6 Bd8
21. Qb7 Be7 22. Be3 1-0

[Event "5th Budapest Open"]
[Site "Budapest"]
[Date "2015.08.19"]
[Round "5.31"]
[White "Ronyai, Imre"]
[Black "Bolyki, Istvan"]
[Result "1/2-1/2"]
[WhiteElo "1549"]
[BlackElo "1394"]
[PlyCount "60"]
[EventDate "2014.08.15"]
[EventType "swiss"]
[EventRounds "9"]
[EventCountry "HUN"]

1. e4 e5 2. Nf3 Nc6 3. Nc3 Nf6 4. d4 exd4 5. Nd5 Be7 6. Bf4 d6 7. Nxd4 Nxd5 8.
Nxc6 bxc6 9. exd5 c5 10. Bd3 Bf6 11. O-O O-O 12. Rb1 Rb8 13. c3 Rb6 14. Re1 Re8
15. Qc2 g6 16. h3 Bd7 17. b3 Qb8 18. Qd2 Rxe1+ 19. Rxe1 Qa8 20. c4 Rb8 21. Qa5
Qb7 22. Bh6 Re8 23. Qd2 Rxe1+ 24. Qxe1 Qc8 25. h4 Qe8 26. Qxe8+ Bxe8 27. g3 Bd4
28. Be4 f5 29. Bf3 Kf7 30. Bd2 Ke7 1/2-1/2

[Event "5th Budapest Open"]
[Site "Budapest"]
[Date "2015.08.19"]
[Round "5.32"]
[White "Gombocz, Ferenc Jr"]
[Black "Sulyok, Eszter"]
[Result "1-0"]
[WhiteElo "1637"]
[BlackElo "1324"]
[PlyCount "87"]
[EventDate "2014.08.15"]
[EventType "swiss"]
[EventRounds "9"]
[EventCountry "HUN"]

1. d4 Nf6 2. Nf3 e6 3. e3 d5 4. Bd3 c5 5. b3 Qb6 6. Bb2 c4 7. Be2 Nc6 8. O-O
Bd6 9. Qc1 cxb3 10. axb3 Qc7 11. Bb5 Bd7 12. Nbd2 O-O 13. Qd1 a6 14. Be2 Rac8
15. c4 Be7 16. c5 a5 17. Bc3 b6 18. cxb6 Qxb6 19. Ne5 Nxe5 20. Bxa5 Qd6 21.
dxe5 Qxe5 22. Nf3 Qb8 23. Ba6 Rc5 24. Nd4 e5 25. b4 Rxa5 26. bxa5 exd4 27. exd4
Ng4 28. g3 Nf6 29. Qb1 Qa7 30. Qb6 Ra8 31. Bb7 Bd8 32. Qb4 Bxa5 33. Bxa8 Bxb4
34. Rxa7 Bh3 35. Rb1 Bf8 36. Rb8 g6 37. Bxd5 Nxd5 38. Raa8 Kg7 39. Rxf8 Be6 40.
Rfd8 Ne7 41. Ra6 Kh6 42. Rdd6 Bc4 43. Ra5 Nf5 44. Rxf5 1-0

[Event "5th Budapest Open"]
[Site "Budapest"]
[Date "2015.08.20"]
[Round "6.1"]
[White "Meszaros, Andras"]
[Black "Boguszlavszkij, Jevgenyij"]
[Result "1-0"]
[WhiteElo "2246"]
[BlackElo "2199"]
[PlyCount "113"]
[EventDate "2014.08.15"]
[EventType "swiss"]
[EventRounds "9"]
[EventCountry "HUN"]

1. e4 e5 2. Nf3 Nc6 3. d4 exd4 4. Nxd4 Nxd4 5. Qxd4 d6 6. c4 Qf6 7. Qd3 Nh6 8.
Nc3 Ng4 9. f4 Qh4+ 10. g3 Qd8 11. h3 Nf6 12. Be3 Bd7 13. g4 Bc6 14. O-O-O Qe7
15. Bg2 O-O-O 16. Rhe1 g5 17. fxg5 Nd7 18. Nd5 Bxd5 19. exd5 Ne5 20. Qf5+ Qd7
21. Bd4 Bg7 22. c5 Rhe8 23. Be4 Kb8 24. c6 Qxf5 25. gxf5 f6 26. h4 bxc6 27.
dxc6 d5 28. Bc2 Nxc6 29. Rxe8 Rxe8 30. Ba4 Kb7 31. Rd3 Re4 32. Bxf6 Bxf6 33.
gxf6 Ne5 34. Rxd5 c6 35. f7 Nxf7 36. Rd7+ Kb6 37. Bc2 Ne5 38. Rxh7 Re1+ 39. Bd1
Rf1 40. h5 Rxf5 41. Be2 Rf2 42. Kd1 Nf7 43. Rg7 Kc5 44. Ke1 Rf5 45. Kd2 Kd5 46.
Rg3 Re5 47. Bf3+ Kc5 48. Rg6 Rf5 49. Rxc6+ Kb5 50. Rc3 Ng5 51. Be2+ Kb6 52. Re3
Rd5+ 53. Kc3 Nf7 54. Re6+ Nd6 55. Bf3 Rc5+ 56. Kd4 Rc4+ 57. Kd5 1-0

[Event "5th Budapest Open"]
[Site "Budapest"]
[Date "2015.08.20"]
[Round "6.2"]
[White "Polyik, Peter"]
[Black "Markos, Adam"]
[Result "1-0"]
[WhiteElo "2178"]
[BlackElo "2146"]
[PlyCount "109"]
[EventDate "2014.08.15"]
[EventType "swiss"]
[EventRounds "9"]
[EventCountry "HUN"]

1. e4 c5 2. Nc3 a6 3. g3 b5 4. Bg2 Bb7 5. d3 e6 6. f4 d5 7. e5 Qc7 8. Nf3 Nh6
9. O-O Nc6 10. Ne2 d4 11. h3 Nf5 12. g4 Nfe7 13. Ng3 Nd5 14. Qe2 Be7 15. Bd2 g6
16. a3 h5 17. gxh5 gxh5 18. Rae1 O-O-O 19. h4 Rdg8 20. Ng5 Nd8 21. Kh2 Kb8 22.
Bh3 f5 23. Rg1 Bxg5 24. hxg5 h4 25. Nh5 Nc6 26. Nf6 Nce7 27. Nxg8 Rxg8 28. Qf2
Ng6 29. Bg2 Rh8 30. c3 dxc3 31. bxc3 c4 32. dxc4 Qxc4 33. Bxd5 Qxd5 34. Be3 h3
35. Rd1 Qc6 36. Rd6 Qe4 37. Rd4 Qc6 38. Rd6 Qe4 39. Rgd1 Rc8 40. R6d4 Qc6 41.
Rd6 Qe4 42. Rd8 Nh4 43. Rxc8+ Kxc8 44. Bb6 Nf3+ 45. Kxh3 Nxg5+ 46. Kg3 Bc6 47.
Rd4 Qf3+ 48. Qxf3 Nxf3 49. Rd6 Kb7 50. Rxe6 Nd2 51. Ba5 Bd5 52. Re7+ Kc8 53.
Kh4 Ne4 54. Kh5 Nc5 55. Rc7+ 1-0

[Event "5th Budapest Open"]
[Site "Budapest"]
[Date "2015.08.20"]
[Round "6.3"]
[White "Bulthaupt, Freerk dr"]
[Black "Gumanny, Evgeny"]
[Result "1/2-1/2"]
[WhiteElo "2176"]
[BlackElo "2093"]
[PlyCount "75"]
[EventDate "2014.08.15"]
[EventType "swiss"]
[EventRounds "9"]
[EventCountry "HUN"]

1. d4 Nf6 2. Nf3 g6 3. g3 Bg7 4. Bg2 O-O 5. O-O d6 6. Nbd2 c5 7. dxc5 dxc5 8.
Nc4 Nc6 9. Qxd8 Rxd8 10. c3 Be6 11. Nce5 Nxe5 12. Nxe5 Bd5 13. Bxd5 Rxd5 14.
Nd3 Rad8 15. Be3 b6 16. c4 R5d7 17. f3 Ne8 18. Rad1 Nd6 19. b3 Nf5 20. Bf2 Bc3
21. Kg2 f6 22. g4 Ng7 23. Rc1 Bd2 24. Rcd1 Bc3 25. Rc1 Bd4 26. Bxd4 Rxd4 27.
Kf2 e5 28. Rfd1 Ne6 29. Ke1 e4 30. fxe4 Rxe4 31. Nf2 Red4 32. e3 R4d7 33. Rxd7
Rxd7 34. Rd1 Re7 35. Ne4 Kg7 36. Kf2 Kh6 37. h4 Kg7 38. Kf3 1/2-1/2

[Event "5th Budapest Open"]
[Site "Budapest"]
[Date "2015.08.20"]
[Round "6.4"]
[White "Kormos, Adam"]
[Black "Erdos, Boglarka"]
[Result "1-0"]
[WhiteElo "2109"]
[BlackElo "2175"]
[PlyCount "109"]
[EventDate "2014.08.15"]
[EventType "swiss"]
[EventRounds "9"]
[EventCountry "HUN"]

1. e4 c5 2. Nf3 a6 3. Bc4 e6 4. O-O b5 5. Be2 d6 6. a4 b4 7. d4 cxd4 8. Nxd4
Bb7 9. Bd2 Qb6 10. Be3 Qc7 11. c3 d5 12. cxb4 Bxb4 13. Qb3 Bd6 14. Rc1 Qd7 15.
Nc3 Ne7 16. exd5 Nxd5 17. Bf3 O-O 18. Nxd5 Bxd5 19. Bxd5 exd5 20. g3 Be5 21.
Rc5 Rd8 22. Rac1 h6 23. Nf3 Bf6 24. Rd1 d4 25. Nxd4 Ra7 26. Rd2 Rb7 27. Qc2 Qg4
28. Nf5 Rxd2 29. Bxd2 Rxb2 30. Ne7+ Bxe7 31. Rc8+ Bf8 32. Rxf8+ Kxf8 33. Qxb2
Nd7 34. Bc3 Kg8 35. a5 Qd1+ 36. Kg2 Qd5+ 37. f3 f6 38. Qe2 Nc5 39. Qe8+ Kh7 40.
Qe2 Kg8 41. h4 Kh8 42. g4 Nd3 43. Qd2 Qc4 44. Bxf6 gxf6 45. Qxh6+ Kg8 46. Qg6+
Kf8 47. Qxf6+ Kg8 48. Qg5+ Kf8 49. h5 Qd4 50. Qf5+ Kg8 51. h6 Qf2+ 52. Kh3 Ne1
53. Qc8+ Kh7 54. Qb7+ Kxh6 55. Qb6+ 1-0

[Event "5th Budapest Open"]
[Site "Budapest"]
[Date "2015.08.20"]
[Round "6.5"]
[White "Farago, Sandor"]
[Black "Vargyas, Zoltan"]
[Result "1-0"]
[WhiteElo "2256"]
[BlackElo "2089"]
[PlyCount "95"]
[EventDate "2014.08.15"]
[EventType "swiss"]
[EventRounds "9"]
[EventCountry "HUN"]

1. e4 c6 2. d4 d5 3. Nc3 dxe4 4. Nxe4 Nd7 5. Nf3 Ngf6 6. Nxf6+ Nxf6 7. Bc4 Bf5
8. Ne5 e6 9. Bb3 Bd6 10. Qe2 O-O 11. Bg5 Qa5+ 12. Bd2 Qb6 13. Nc4 Qc7 14. Nxd6
Qxd6 15. O-O-O a5 16. a3 b5 17. f3 a4 18. Ba2 Qxd4 19. g4 Bg6 20. h4 h5 21. Bg5
Qc5 22. Rhg1 Nd5 23. gxh5 Bxh5 24. Bxd5 cxd5 25. Bf6 g6 26. Rg5 Qc4 27. Qe3
Rfc8 28. c3 Kf8 29. Re5 b4 30. Rdxd5 Qxd5 31. Qh6+ Ke8 32. Rxd5 exd5 33. Qe3+
Kf8 34. Be7+ Kg8 35. Bxb4 Re8 36. Qf4 Re1+ 37. Kc2 Rae8 38. c4 g5 39. Qxg5+
Bg6+ 40. Kc3 R1e3+ 41. Kd4 dxc4 42. f4 Rf3 43. h5 Re4+ 44. Kc5 Rfxf4 45. hxg6
f6 46. Qd5+ Kg7 47. Qf7+ Kh6 48. Bd2 1-0

[Event "5th Budapest Open"]
[Site "Budapest"]
[Date "2015.08.20"]
[Round "6.6"]
[White "Kokeny, Norbert Adrian"]
[Black "Karacsonyi, Gellert"]
[Result "1-0"]
[WhiteElo "2123"]
[BlackElo "2013"]
[PlyCount "51"]
[EventDate "2014.08.15"]
[EventType "swiss"]
[EventRounds "9"]
[EventCountry "HUN"]

1. d4 f5 2. Bg5 g6 3. Nc3 d5 4. Qd2 c6 5. f3 Bg7 6. O-O-O h6 7. Bh4 Nd7 8. e4
fxe4 9. fxe4 g5 10. Bg3 Ngf6 11. e5 Nh5 12. Bd3 O-O 13. Qe2 Nxg3 14. hxg3 e6
15. Qh5 Rf7 16. Bh7+ Kf8 17. Bg6 Re7 18. Rf1+ Kg8 19. Bf7+ Kh8 20. Qg6 Qf8 21.
Nge2 c5 22. Bxe6 Qe8 23. Bf7 Qf8 24. Nxd5 Nxe5 25. Nxe7 Nxg6 26. Nxg6+ 1-0